[Event "FINAL MISTRZOSTW POLSKI JUNIOROW 2018 - GRUPA  C16"]
[Site "Jastrzebia Gora"]
[Date "1899-12-30"]
[Round "5.1"]
[White "Teclaf, Pawel"]
[Black "Mis, Mieszko"]
[Result "1/2-1/2"]
[WhiteTitle "CM"]
[BlackTitle "FM"]
[WhiteElo "2386"]
[BlackElo "2306"]

1. e4 c6 2. d4 d5 3. exd5 cxd5 4. c4 Nf6 5. Nc3 Nc6 6. cxd5 Nxd5 7. Bc4 Nxc3 8.
bxc3 e6 9. Nf3 Bd6 10. Bd3 Qc7 11. O-O b6 12. Re1 Ne7 13. Be4 Rb8 14. Qc2 Bb7
15. Bxb7 Rxb7 16. g3 h6 17. c4 O-O 18. Qe4 Rbb8 19. d5 Rbc8 20. dxe6 Qxc4 21.
Qxc4 Rxc4 22. Kg2 fxe6 23. Rxe6 Bc5 24. Be3 Nd5 25. Bxc5 Rxc5 26. Rd1 Nf6 27.
Rd2 Rfc8 28. Rde2 Rc2 29. Nd4 Rxe2 30. Rxe2 Rc4 31. Nf5 Rc5 1/2-1/2

[Event "FINAL MISTRZOSTW POLSKI JUNIOROW 2018 - GRUPA  C16"]
[Site "Jastrzebia Gora"]
[Date "1899-12-30"]
[Round "5.2"]
[White "Kosakowski, Jakub"]
[Black "Szczurek, Krzysztof"]
[Result "1-0"]
[WhiteTitle "FM"]
[BlackTitle "FM"]
[WhiteElo "2301"]
[BlackElo "2089"]

1. e4 e5 2. Nf3 Nf6 3. d4 Nxe4 4. dxe5 d5 5. Nbd2 Nc6 6. Bb5 Nxd2 7. Qxd2 a6 8.
Bxc6+ bxc6 9. Qf4 Qd7 10. O-O Be7 11. e6 Qxe6 12. Re1 Qd6 13. Ne5 O-O 14. Nxc6
Qxc6 15. Rxe7 Qxc2 16. Be3 c5 17. Rc1 Qxb2 18. Bxc5 Be6 19. Bd4 Qe2 20. h3 Qe4
21. Qd2 Rac8 22. Re1 Qg6 23. Re3 Qb1+ 24. Kh2 Bf5 25. Bc3 Qb6 26. Qxd5 Bg6 27.
f4 Qc5 28. Qf3 f6 29. Qb7 Bf7 30. Rg3 Qc6 31. Qb2 Bg6 32. f5 Rb8 33. Qe2 Bxf5
34. Rexg7+ Kh8 35. Qe7 Bg6 36. Rxh7+ Bxh7 37. Qg7# 1-0

[Event "FINAL MISTRZOSTW POLSKI JUNIOROW 2018 - GRUPA  C16"]
[Site "Jastrzebia Gora"]
[Date "1899-12-30"]
[Round "5.3"]
[White "Fus, Jakub"]
[Black "Pacan-milej, Kosma"]
[Result "0-1"]
[WhiteTitle "I++"]
[BlackTitle "FM"]
[WhiteElo "2194"]
[BlackElo "2265"]

1. d4 d5 2. Nf3 Nf6 3. c4 c6 4. Nc3 dxc4 5. a4 Bf5 6. e3 e6 7. Bxc4 Bb4 8. O-O
O-O 9. Qe2 Bg6 10. Ne5 Bh5 11. g4 Bg6 12. Nxg6 hxg6 13. Bd2 Nbd7 14. g5 Ne8 15.
f4 Nd6 16. Bd3 c5 17. Ne4 Bxd2 18. Qxd2 Qb6 19. a5 Qc6 20. Nxd6 Qxd6 21. Ra4 Rad8
22. Rd1 Qc6 23. Rc4 b5 24. axb6 Qxb6 25. Qc3 cxd4 26. Qxd4 Nc5 27. Qxc5 Qb3 28.
Rd2 Rxd3 29. Rb4 Qa2 30. Rxd3 Qb1+ 31. Kf2 Qxd3 32. Qc3 Qd1 33. Rd4 Qh1 34. Qd2
Qxh2+ 35. Kf3 Qh3+ 36. Kf2 Kh7 37. b4 Rc8 38. Rd8 Qh2+ 39. Kf3 Qh1+ 40. Kg3 Qg1+
41. Kf3 Rc1 42. Ke4 a5 43. Rd4 f6 44. gxf6 gxf6 45. Qb2 Qh1+ 46. Kd3 Rd1+ 47.
Kc4 Rxd4+ 48. Qxd4 Qd5+ 49. Qxd5 exd5+ 50. Kb5 axb4 51. Kxb4 g5 52. fxg5 fxg5
53. Kc3 Kg6 54. Kd3 g4 55. e4 g3 0-1

[Event "FINAL MISTRZOSTW POLSKI JUNIOROW 2018 - GRUPA  C16"]
[Site "Jastrzebia Gora"]
[Date "1899-12-30"]
[Round "5.4"]
[White "Pniaczek, Marek"]
[Black "Godzwon, Iwo"]
[Result "0-1"]
[WhiteTitle "CM"]
[BlackTitle "k"]
[WhiteElo "2239"]
[BlackElo "2222"]

1. e4 c5 2. Nf3 d6 3. d4 cxd4 4. Qxd4 Nc6 5. Qe3 Bg4 6. Be2 Nf6 7. c4 g6 8. O-O
Bg7 9. Nc3 O-O 10. Rd1 Qc8 11. Rb1 Bxf3 12. Bxf3 Ne5 13. b3 Nfg4 14. Bxg4 Nxg4
15. Qd2 f5 16. Nd5 Rf7 17. h3 Nf6 18. Nxf6+ Bxf6 19. Qd5 fxe4 20. Qxe4 Bc3 21.
Rd3 Bb4 22. Be3 Bc5 23. Re1 Rb8 24. Qd5 b6 25. Re2 Qf5 26. Qxf5 gxf5 27. Bg5 Rg7
28. h4 e5 29. Red2 f4 30. Kf1 Rf7 31. f3 Re8 32. g4 fxg3 33. Kg2 Re6 34. Kxg3
Rg6 35. Kh2 h6 36. Bd8 Kh7 37. Rg2 Rd7 38. Rxg6 Kxg6 39. h5+ Kxh5 40. Bf6 Rf7
41. Bd8 Kg6 42. Bh4 Kf5 43. Bg3 Rg7 44. Kh3 Rg6 45. a4 Ba3 46. Bf2 Kf4 47. Be3+
Kf5 48. Bf2 Ke6 49. Bg3 h5 50. Bf2 Kf5 51. Bg3 Bc5 52. Kh4 Bb4 53. Kh3 h4 54.
Bf2 Rh6 55. Be3 Rh7 56. Rd1 Bc5 57. Bc1 a5 58. Rd3 Rh8 59. Rd1 Bd4 60. Rd3 Ke6
61. Bg5 Rh7 62. Rd1 Bf2 63. Rd2 Kf5 64. Bd8 Bc5 65. Rd3 Kf4 66. Bf6 Rh6 67. Be7
Re6 68. Bf8 Rg6 69. Kxh4 d5 70. Kh5 Rg5+ 0-1

[Event "FINAL MISTRZOSTW POLSKI JUNIOROW 2018 - GRUPA  C16"]
[Site "Jastrzebia Gora"]
[Date "1899-12-30"]
[Round "5.5"]
[White "Kokoszczynski, Jan"]
[Black "Kozak, Antoni"]
[Result "1/2-1/2"]
[WhiteTitle "k"]
[BlackTitle "k"]
[WhiteElo "2108"]
[BlackElo "2148"]

1. e4 c5 2. Nf3 Nf6 3. e5 Nd5 4. Nc3 e6 5. Nxd5 exd5 6. d4 Nc6 7. Be2 d6 8. exd6
Bxd6 9. dxc5 Bxc5 10. O-O O-O 11. c3 Re8 12. Bg5 Qd6 13. Qd2 h6 14. Bh4 Bf5 15.
Bb5 Be4 16. Nd4 a6 17. Bxc6 bxc6 18. f3 Bh7 19. Rfe1 g5 20. Bf2 Bb6 21. Rxe8+
Rxe8 22. Re1 Qd7 23. Re2 c5 24. Rxe8+ Qxe8 25. Nb3 Qc6 26. Qe2 a5 27. Qe7 d4 28.
cxd4 cxd4 29. Bxd4 Bxd4+ 30. Nxd4 Qc1+ 31. Kf2 Qxb2+ 32. Ne2 Qxa2 33. Qe8+ Kg7
34. Qe5+ f6 35. Qc7+ Kg6 36. h4 Qf7 37. Qxa5 Qd7 38. Qc5 Kg7 39. hxg5 hxg5 40.
Nd4 Bg6 41. Qb6 1/2-1/2

[Event "FINAL MISTRZOSTW POLSKI JUNIOROW 2018 - GRUPA  C16"]
[Site "Jastrzebia Gora"]
[Date "1899-12-30"]
[Round "5.6"]
[White "Psyk, Radoslaw"]
[Black "Pytel, Maciej"]
[Result "1-0"]
[WhiteTitle "k++"]
[BlackTitle "I+"]
[WhiteElo "2313"]
[BlackElo "2037"]

1. e4 Nf6 2. Nc3 d5 3. e5 Nfd7 4. d4 e6 5. f4 c5 6. Nf3 a6 7. Be3 Nc6 8. Qd2 b5
9. Qf2 cxd4 10. Nxd4 Qc7 11. Bd3 Nxd4 12. Bxd4 Bb7 13. O-O g6 14. Ne2 Bg7 15.
Qe3 O-O 16. g4 f6 17. exf6 Nxf6 18. Qxe6+ Kh8 19. h3 Ne4 20. Bxg7+ Kxg7 21. Qe5+
Qxe5 22. fxe5 Ng5 23. Nd4 Nxh3+ 24. Kg2 Ng5 25. a4 b4 26. a5 Rxf1 27. Rxf1 Re8
28. Rf6 Rxe5 29. Rb6 Bc8 30. Rxb4 Ne6 31. Nf3 Re3 32. Kf2 d4 33. Nxd4 Re5 34.
Nb3 Nc5 35. Nxc5 Rxc5 36. Rc4 Rxc4 37. Bxc4 Kf6 38. Ke3 Ke5 39. b4 h5 40. gxh5
gxh5 41. Be2 h4 42. c4 Kd6 43. Kf4 Kc7 44. Bg4 h3 45. Bf3 Be6 46. c5 Bc4 47. Kg3
Bf1 48. Be4 Kd7 49. Bf5+ Kc6 50. Bxh3 Bc4 51. Kf2 Kb5 52. Ke3 Kxb4 53. c6 Bd5
54. c7 Bb7 55. Kd4 Kb5 56. Bd7+ Kb4 57. Bf5 Kb5 58. Be4 Bc8 59. Kd5 Kxa5 60. Kc5
Ka4 61. Bc6+ Kb3 62. Be8 a5 63. Kc6 a4 64. Bd7 Bxd7+ 65. Kxd7 a3 66. c8=Q a2 67.
Qc1 1-0

[Event "FINAL MISTRZOSTW POLSKI JUNIOROW 2018 - GRUPA  C16"]
[Site "Jastrzebia Gora"]
[Date "1899-12-30"]
[Round "5.7"]
[White "Lis, Mateusz"]
[Black "Polczyk, Mikolaj"]
[Result "1/2-1/2"]
[WhiteTitle "k"]
[BlackTitle "I+"]
[WhiteElo "2132"]
[BlackElo "2051"]

1. e4 e6 2. b3 c5 3. Bb2 Nc6 4. Nf3 d6 5. Nc3 Nf6 6. Bb5 Bd7 7. Bxc6 Bxc6 8. Qe2
Be7 9. g4 d5 10. Ne5 Qb6 11. Nxc6 Qxc6 12. exd5 Nxd5 13. Nxd5 Qxd5 14. O-O-O Rg8
15. Rhe1 O-O-O 16. d4 Bf6 17. dxc5 Bxb2+ 18. Kxb2 Qxc5 19. Qf3 Rxd1 20. Rxd1 Rd8
21. Rxd8+ Kxd8 22. Qxf7 Qd4+ 23. Kb1 Qd1+ 24. Kb2 Qd4+ 25. Kb1 Qd1+ 26. Kb2 Qd4+
27. Kb1 Qd1+ 1/2-1/2

[Event "FINAL MISTRZOSTW POLSKI JUNIOROW 2018 - GRUPA  C16"]
[Site "Jastrzebia Gora"]
[Date "1899-12-30"]
[Round "5.8"]
[White "Szpar, Milosz"]
[Black "Strzelecki, Maciej"]
[Result "1-0"]
[WhiteTitle "FM"]
[BlackTitle "I"]
[WhiteElo "2376"]
[BlackElo "1952"]

1. e4 c5 2. Nf3 d6 3. d4 cxd4 4. Nxd4 Nf6 5. Nc3 a6 6. a4 e5 7. Nf3 Be7 8. Bc4
O-O 9. Bg5 Nbd7 10. O-O b6 11. Re1 Bb7 12. Nh4 Nxe4 13. Bxe7 Qxe7 14. Nxe4 Qxh4
15. Nxd6 Bc6 16. Bd5 Bxd5 17. Qxd5 Rad8 18. Qc6 Nf6 19. Qxb6 Rb8 20. Qc5 Rxb2
21. Nf5 Qb4 22. Qxb4 Rxb4 23. Rxe5 Rd8 24. h3 Rd2 25. Ne3 g6 26. c4 Rbb2 27. c5
Rxf2 28. Rc1 Rfe2 29. c6 Rb8 30. Kf1 Rd2 31. Nc4 Rd4 32. c7 Rf8 33. Nb6 1-0

[Event "FINAL MISTRZOSTW POLSKI JUNIOROW 2018 - GRUPA  C16"]
[Site "Jastrzebia Gora"]
[Date "1899-12-30"]
[Round "5.9"]
[White "Musial, Tomasz"]
[Black "Kulesza, Andrzej"]
[Result "0-1"]
[WhiteTitle "I++"]
[BlackTitle "I"]
[WhiteElo "2130"]
[BlackElo "1903"]

1. e4 c5 2. c3 d5 3. exd5 Qxd5 4. d4 Nc6 5. Nf3 cxd4 6. cxd4 e5 7. Nc3 Bb4 8. Bd2
Bxc3 9. Bxc3 e4 10. Ne5 Nxe5 11. dxe5 Ne7 12. Qe2 Bd7 13. Rd1 Qxa2 14. Qxe4 Bc6
15. Qd4 O-O 16. Bc4 Qa4 17. b3 Qa2 18. e6 f6 19. O-O Qc2 20. Bb4 Qg6 21. f3 Rfe8
22. Qf4 b5 23. Bd3 Qh5 24. Bxe7 Rxe7 25. Qd6 Qe8 26. Rfe1 g6 27. Bc2 a5 28. b4
a4 29. Bb1 Bb7 30. Ba2 Kg7 31. Re3 Rc8 32. Red3 Rcc7 33. Qd8 Qxd8 34. Rxd8 Bc8
35. Re1 Rc2 36. Bb1 Rc6 37. Be4 Rcc7 38. Rd5 Bxe6 39. Rxb5 Bd7 40. Ra5 f5 41.
b5 fxe4 42. Rxe4 Rxe4 43. fxe4 Rb7 44. Rxa4 Bxb5 45. Rd4 Kf6 46. Rd5 Ke6 47. Rc5
Bd3 48. e5 Be4 49. Kf2 Bd5 0-1

[Event "FINAL MISTRZOSTW POLSKI JUNIOROW 2018 - GRUPA  C16"]
[Site "Jastrzebia Gora"]
[Date "1899-12-30"]
[Round "5.10"]
[White "Galuszka, Tomasz"]
[Black "Golecki, Jan"]
[Result "1/2-1/2"]
[WhiteTitle "I+"]
[BlackTitle "I++"]
[WhiteElo "2038"]
[BlackElo "1850"]

1. e4 c5 2. Nf3 d6 3. d4 cxd4 4. Nxd4 Nf6 5. Nc3 g6 6. f4 Nc6 7. Nf3 Be6 8. Bd3
Bg7 9. O-O O-O 10. Qe1 Na5 11. Kh1 Bc4 12. Qh4 Bxd3 13. cxd3 Qd7 14. e5 Ne8 15.
d4 f6 16. Qe1 fxe5 17. dxe5 Nc7 18. Be3 Nc4 19. b3 Nxe3 20. Qxe3 Ne6 21. Ne2 Bh6
22. g3 Nc7 23. Rad1 Rad8 24. Qd3 Qb5 25. Qxb5 Nxb5 26. a4 Nc7 27. exd6 exd6 28.
Ned4 Rfe8 29. Rfe1 Bg7 30. Kg2 Bxd4 31. Nxd4 Kf7 32. Kf2 a6 33. Nf3 Ne6 34. Re3
h6 35. Red3 Nc5 36. Rd4 Nxb3 37. Rxd6 Rxd6 38. Rxd6 Nc5 39. Rd4 Re4 40. Ne5+ Kf6
41. Rxe4 1/2-1/2

[Event "FINAL MISTRZOSTW POLSKI JUNIOROW 2018 - GRUPA  C16"]
[Site "Jastrzebia Gora"]
[Date "1899-12-30"]
[Round "5.11"]
[White "Wierzbicki, Michal"]
[Black "Kopaczewski, Adam"]
[Result "1/2-1/2"]
[WhiteTitle "I"]
[BlackTitle "I+"]
[WhiteElo "1867"]
[BlackElo "1996"]

1. d4 Nf6 2. Nf3 e6 3. c4 b6 4. a3 Bb7 5. Nc3 c5 6. Bg5 Be7 7. e3 cxd4 8. Nxd4
a6 9. Nf3 O-O 10. Bd3 h6 11. Bh4 d5 12. cxd5 Nxd5 13. Bxe7 Qxe7 14. Nxd5 Bxd5
15. Qe2 Bb7 16. O-O Nd7 17. Rfd1 Nc5 18. Bc2 Rac8 19. Rac1 Rfd8 20. b4 Nd7 21.
Bb1 Nf6 22. Rxd8+ Qxd8 23. Rxc8 Qxc8 24. Qc2 Qd7 25. Qd3 Bxf3 26. gxf3 Qc7 27.
Kg2 a5 28. bxa5 bxa5 29. Qb5 g6 30. f4 Nd5 31. Qb2 Kh7 32. Be4 Qd6 33. Bxd5 Qxd5+
34. Kg1 h5 35. Qf6 Kg8 36. Qc3 h4 37. Qd4 Qxd4 38. exd4 Kf8 39. Kf1 Ke7 40. Ke2
Kf6 41. Kf3 Kf5 42. h3 f6 43. Ke3 a4 44. f3 g5 45. fxg5 fxg5 46. Ke2 Kf6 47. Kd3
Ke7 48. Ke3 Kd7 49. f4 gxf4+ 50. Kxf4 Kd6 51. Ke4 Kd7 52. Ke5 Ke7 53. Kf4 Kd6
54. Ke4 Kd7 55. Ke5 Ke7 56. Ke4 1/2-1/2

[Event "FINAL MISTRZOSTW POLSKI JUNIOROW 2018 - GRUPA  C16"]
[Site "Jastrzebia Gora"]
[Date "1899-12-30"]
[Round "5.12"]
[White "Piekielny, Pawel"]
[Black "Warchol, Bartosz"]
[Result "1-0"]
[WhiteTitle "I"]
[BlackTitle "I++"]
[WhiteElo "1787"]
[BlackElo "1969"]

1. e4 e5 2. Nf3 Nc6 3. Bb5 a6 4. Ba4 g6 5. O-O Bg7 6. c3 Nge7 7. d4 exd4 8. cxd4
b5 9. Bb3 O-O 10. Nc3 d6 11. h3 Bb7 12. Re1 Na5 13. Bc2 c5 14. d5 Nc4 15. Rb1
Qd7 16. Bd3 Ne5 17. Nxe5 Bxe5 18. Bg5 Rae8 19. Ne2 f5 20. Bxe7 Rxe7 21. exf5 gxf5
22. Qd2 f4 23. f3 Rg7 24. Kh1 Qf7 25. Nc3 Qh5 26. Bf1 Bc8 27. Ne4 Kh8 28. Re2
Rfg8 29. Rbe1 Qg6 30. Nf2 Qh6 31. Nd3 Bxh3 32. gxh3 Rg1+ 33. Kh2 Rxf1 34. Rxf1
Rg3 35. Nf2 Bd4 36. Re8+ Kg7 37. Qe1 Bf6 38. Qe6 Qh4 39. Rg8+ Kh6 40. Ng4+ Rxg4
41. Rxg4 1-0

[Event "FINAL MISTRZOSTW POLSKI JUNIOROW 2018 - GRUPA  C16"]
[Site "Jastrzebia Gora"]
[Date "1899-12-30"]
[Round "5.13"]
[White "Mike, Patryk"]
[Black "Rogala, Milosz"]
[Result "1/2-1/2"]
[WhiteTitle "I"]
[BlackTitle "II"]
[WhiteElo "1945"]
[BlackElo "1749"]

1. e4 e5 2. Nf3 Nc6 3. Bb5 a6 4. Ba4 Nf6 5. O-O Be7 6. Re1 b5 7. Bb3 d6 8. c3 O-O
9. h3 Na5 10. Bc2 c5 11. d4 Qc7 12. d5 Nc4 13. Nbd2 Nxd2 14. Bxd2 Ne8 15. g4 g6
16. Bh6 Ng7 17. Kh2 f6 18. Rg1 Rf7 19. Qe2 Bd7 20. Rg2 Raf8 21. Rag1 Kh8 22. Nd2
Re8 23. Qf1 Bf8 24. f4 exf4 25. Qxf4 Ree7 26. Nf3 Ne8 27. Bxf8 Rxf8 28. h4 Ref7
29. Nd2 Qd8 30. Nf3 Qe7 31. h5 g5 32. Qd2 h6 33. b4 c4 34. Qd4 Bc8 35. a4 Qa7
36. Ra1 Qxd4 37. Nxd4 Rb7 38. axb5 axb5 39. Kg3 Nc7 40. Rgg1 Bd7 1/2-1/2

[Event "FINAL MISTRZOSTW POLSKI JUNIOROW 2018 - GRUPA  C16"]
[Site "Jastrzebia Gora"]
[Date "1899-12-30"]
[Round "5.14"]
[White "Iwanczuk, Krzysztof"]
[Black "Poziomkowski, Szymon"]
[Result "0-1"]
[WhiteTitle "II+"]
[BlackTitle "I"]
[WhiteElo "1655"]
[BlackElo "1923"]

1. d4 Nf6 2. Bf4 e6 3. e3 c5 4. Nf3 b6 5. Nbd2 Be7 6. Bd3 O-O 7. c3 Ba6 8. Bxa6
Nxa6 9. Qe2 Qc8 10. e4 cxd4 11. cxd4 Qb7 12. O-O Rac8 13. Rac1 d5 14. e5 Ne4 15.
Nxe4 dxe4 16. Nd2 Nb4 17. Nxe4 Nxa2 18. Rce1 Rfd8 19. Qg4 Kh8 20. Ng5 Bxg5 21.
Bxg5 Rd7 22. Re3 Rc4 23. Rh3 Rcxd4 24. Qh5 Qe4 25. Be3 R4d5 26. f4 Qg6 27. Qe2
Nb4 28. Rg3 Qf5 29. Rc1 h6 30. Rh3 Nd3 31. Rf1 Qe4 32. g4 Rb5 33. g5 Rxb2 34.
Qg4 Nxe5 35. Qg3 Nc4 36. gxh6 Qxe3+ 37. Qxe3 Nxe3 38. hxg7+ Kxg7 39. Rxe3 Rdd2
40. Rg3+ Kf6 41. h3 a5 42. Ra1 a4 43. Rf3 b5 44. h4 Rg2+ 45. Kf1 Rh2 46. Kg1 Rxh4
47. f5 exf5 48. Raf1 f4 49. Rc3 b4 50. Rc6+ Kg7 51. Ra6 a3 52. Ra4 a2 53. Ra7
b3 54. Ra6 Rb1 55. Kg2 Rxf1 56. Ra5 f3+ 57. Kxf1 Rh1+ 58. Kf2 a1=Q 59. Rg5+ Kf6
0-1

[Event "FINAL MISTRZOSTW POLSKI JUNIOROW 2018 - GRUPA  C16"]
[Site "Jastrzebia Gora"]
[Date "1899-12-30"]
[Round "5.15"]
[White "Posluszny, Tomasz"]
[Black "Dixa, Oskar"]
[Result "0-1"]
[WhiteTitle "I+"]
[BlackTitle "I+"]
[WhiteElo "1892"]
[BlackElo "1775"]

1. d4 Nf6 2. c4 e6 3. Nf3 b6 4. g3 Bb7 5. Bg2 Be7 6. O-O O-O 7. d5 exd5 8. Nh4
c6 9. cxd5 Nxd5 10. Nf5 Nc7 11. e4 d5 12. Nc3 Bf6 13. Re1 Nba6 14. e5 Be7 15.
Qg4 g6 16. Nxe7+ Qxe7 17. Bg5 Qb4 18. Qe2 Ne6 19. Bh6 Rfe8 20. Qd2 Rad8 21. Rad1
Qe7 22. Bh3 Nac7 23. f4 Qc5+ 24. Kh1 Bc8 25. f5 Ng7 26. Bxg7 Kxg7 27. Ne4 dxe4
28. f6+ Kg8 29. Qxd8 Bxh3 30. Qd4 Qxd4 31. Rxd4 Rxe5 32. Rexe4 Rxe4 33. Rxe4 Be6
34. Rf4 Nd5 35. Rf2 Bf5 0-1

[Event "FINAL MISTRZOSTW POLSKI JUNIOROW 2018 - GRUPA  C16"]
[Site "Jastrzebia Gora"]
[Date "1899-12-30"]
[Round "5.16"]
[White "Dzwierzynski, Bartosz"]
[Black "Nowak, Mikolaj"]
[Result "0-1"]
[WhiteTitle "I"]
[BlackTitle "I++"]
[WhiteElo "1828"]
[BlackElo "2065"]

1. e4 c6 2. d4 d5 3. f3 e6 4. Nc3 Nf6 5. Be3 Bb4 6. e5 Nfd7 7. f4 c5 8. Nf3 Nc6
9. Be2 O-O 10. O-O f6 11. exf6 Nxf6 12. Ne5 Qe7 13. Kh1 Bd7 14. Bf3 cxd4 15. Bxd4
Nxd4 16. Qxd4 Bc6 17. Ne2 Bc5 18. Qd3 Nd7 19. Nxd7 Qxd7 20. c3 Rf6 21. g3 Raf8
22. Bg2 Bb5 23. Qd2 Qf7 24. Rfe1 g5 25. a4 Bc4 26. Rab1 Bd6 27. fxg5 Rf2 28. Qe3
e5 29. b3 d4 30. cxd4 Bd5 31. Rg1 Rxg2 32. Rxg2 Qf2 33. Qxf2 Rxf2 34. dxe5 Rxg2
0-1

[Event "FINAL MISTRZOSTW POLSKI JUNIOROW 2018 - GRUPA  C16"]
[Site "Jastrzebia Gora"]
[Date "1899-12-30"]
[Round "5.17"]
[White "Kukorowski, Jan"]
[Black "Ossolinski, Ziemowit"]
[Result "0-1"]
[WhiteTitle "I"]
[BlackTitle "I"]
[WhiteElo "1699"]
[BlackElo "1858"]

1. e4 c5 2. Nf3 e6 3. d4 cxd4 4. Nxd4 Nf6 5. Bd3 Nc6 6. Nxc6 bxc6 7. c4 d5 8. cxd5
cxd5 9. exd5 Qxd5 10. Be2 Qxd1+ 11. Bxd1 Ba6 12. Ba4+ Kd8 13. Nc3 Bb4 14. Bg5
Ke7 15. O-O-O Rhc8 16. Kc2 Rc7 17. Rhe1 Rac8 18. Re3 h6 19. Bh4 Bxc3 20. bxc3
Rc4 21. Rd7+ Kf8 22. Bxf6 Rxa4 23. Be5 Rxa2+ 24. Kb1 Rxf2 25. Rg3 g6 26. Rxa7
Bf1 27. Ra2 Rf5 28. Bd6+ Kg7 29. Re3 Bc4 30. Rd2 Rf1+ 31. Kb2 Ra8 32. Ba3 Rf5
33. Re4 Bd5 34. Red4 Rb8+ 35. Bb4 h5 36. h3 Rf1 37. g4 hxg4 38. hxg4 Rg1 39. Rf2
Rg3 40. Kc2 Ra8 41. Kd1 Ra1+ 42. Ke2 Ra2+ 43. Rd2 Bc4+ 0-1

[Event "FINAL MISTRZOSTW POLSKI JUNIOROW 2018 - GRUPA  C16"]
[Site "Jastrzebia Gora"]
[Date "1899-12-30"]
[Round "5.18"]
[White "Zolkiewski, Jakub"]
[Black "Distel, Pawel"]
[Result "1/2-1/2"]
[WhiteTitle "I"]
[BlackTitle "I"]
[WhiteElo "1835"]
[BlackElo "1715"]

1. d4 Nf6 2. c4 g6 3. Nc3 Bg7 4. e4 d6 5. f3 O-O 6. Be3 Nc6 7. Qd2 e5 8. d5 Ne7
9. O-O-O Nh5 10. g4 Nf4 11. Nge2 g5 12. Ng3 Neg6 13. Nf5 h6 14. Qf2 Ne7 15. Nxg7
Kxg7 16. h4 f6 17. Ne2 Nxe2+ 18. Bxe2 Ng6 19. h5 Nf4 20. Bxf4 gxf4 21. c5 dxc5
22. Qxc5 Qd6 23. Qxd6 cxd6 24. Bb5 a6 25. Ba4 b5 26. Bb3 Bd7 27. Kd2 Rfc8 28.
Rc1 Kf7 29. Rc3 Ke7 30. Rhc1 Kd8 31. Bd1 b4 32. Rc4 Rxc4 33. Rxc4 a5 34. Rc1 Rc8
35. Rxc8+ Kxc8 36. Be2 Kc7 37. Kc2 Kb6 38. a3 bxa3 39. bxa3 Ba4+ 40. Kd2 Kc5 41.
Kc3 Bd7 1/2-1/2

[Event "FINAL MISTRZOSTW POLSKI JUNIOROW 2018 - GRUPA  C16"]
[Site "Jastrzebia Gora"]
[Date "1899-12-30"]
[Round "6.1"]
[White "Pacan-milej, Kosma"]
[Black "Teclaf, Pawel"]
[Result "1-0"]
[WhiteTitle "FM"]
[BlackTitle "CM"]
[WhiteElo "2265"]
[BlackElo "2386"]

1. e4 e6 2. d4 d5 3. Bd3 Nc6 4. Nf3 Nb4 5. O-O Nxd3 6. Qxd3 dxe4 7. Qxe4 Nf6 8.
Qe2 Be7 9. c4 O-O 10. Nc3 b6 11. Bf4 Ba6 12. Rfe1 Re8 13. Rad1 Nd5 14. Bd2 c5
15. Ne5 Bf6 16. dxc5 bxc5 17. Nxf7 Qc7 18. Nh6+ gxh6 19. Qg4+ Qg7 20. Qxg7+ Bxg7
21. cxd5 exd5 22. Nxd5 Bxb2 23. Nc7 Rxe1+ 24. Bxe1 Be2 25. Rd2 Rb8 26. Rxe2 c4
27. Nd5 Bd4 28. Rc2 Rd8 29. Ne3 1-0

[Event "FINAL MISTRZOSTW POLSKI JUNIOROW 2018 - GRUPA  C16"]
[Site "Jastrzebia Gora"]
[Date "1899-12-30"]
[Round "6.2"]
[White "Godzwon, Iwo"]
[Black "Kosakowski, Jakub"]
[Result "1/2-1/2"]
[WhiteTitle "k"]
[BlackTitle "FM"]
[WhiteElo "2222"]
[BlackElo "2301"]

1. e4 e5 2. Nf3 Nc6 3. Bb5 a6 4. Ba4 b5 5. Bb3 Na5 6. O-O d6 7. d3 Be7 8. Be3 Nf6
9. h3 O-O 10. Nbd2 c5 11. Qe2 Re8 12. c3 Nxb3 13. axb3 h6 14. b4 cxb4 15. cxb4
d5 16. Bc5 Bb7 17. Rfd1 Bxc5 18. bxc5 a5 19. Rac1 Ra6 20. Nh2 d4 21. Nhf1 Qe7
22. Ng3 g6 23. Qe1 Nd7 24. b4 axb4 25. Nb3 Bc6 26. Qxb4 Rea8 27. Rc2 Ra3 28. Rb1
Kh7 29. Ne2 f5 30. f3 fxe4 31. fxe4 Nf8 32. Qd2 Ne6 33. Nec1 g5 34. Na2 Nf4 35.
Nb4 Qe6 36. Nxc6 Qxc6 37. Nc1 Ra1 38. Rxa1 Rxa1 39. Ra2 Rxa2 40. Qxa2 Qxc5 41.
Qf7+ Kh8 42. Nb3 Qd6 43. Qe8+ Kg7 44. Qxb5 Qe6 45. Kh2 Ne2 46. Nd2 Qf6 47. Kh1
Ng3+ 48. Kh2 Ne2 49. Kh1 1/2-1/2

[Event "FINAL MISTRZOSTW POLSKI JUNIOROW 2018 - GRUPA  C16"]
[Site "Jastrzebia Gora"]
[Date "1899-12-30"]
[Round "6.3"]
[White "Mis, Mieszko"]
[Black "Kokoszczynski, Jan"]
[Result "1-0"]
[WhiteTitle "FM"]
[BlackTitle "k"]
[WhiteElo "2306"]
[BlackElo "2108"]

1. d4 Nf6 2. Nf3 e6 3. c4 b6 4. g3 Bb7 5. Bg2 Be7 6. O-O O-O 7. Nc3 Ne4 8. Bd2
f5 9. Qc2 Bf6 10. e3 Nxc3 11. Bxc3 Be4 12. Qe2 d6 13. Nd2 Bxg2 14. Kxg2 c5 15.
Nf3 Nc6 16. Rad1 Qe7 17. e4 cxd4 18. Bxd4 Nxd4 19. Nxd4 f4 20. Nf3 fxg3 21. hxg3
Rad8 22. Rfe1 Qb7 23. Kg1 Bxb2 24. Ng5 Qe7 25. Nxh7 Kxh7 26. Qxb2 Qg5 27. Qa3
Qc5 28. Qxc5 dxc5 29. Kg2 Kg6 30. f4 Kf6 31. Kf3 g5 32. a4 gxf4 33. gxf4 Rh8 34.
Rh1 Rxd1 35. Rxd1 Rh3+ 36. Kg4 Ra3 37. Rd7 Rxa4 38. e5+ Kg6 39. Re7 Rxc4 40. Rxe6+
Kf7 41. Rh6 Rc1 42. Kf5 Re1 43. Rh7+ Kg8 44. Rxa7 c4 45. Rc7 b5 46. e6 Re3 47.
Rc5 Rh3 48. Rc8+ 1-0

[Event "FINAL MISTRZOSTW POLSKI JUNIOROW 2018 - GRUPA  C16"]
[Site "Jastrzebia Gora"]
[Date "1899-12-30"]
[Round "6.4"]
[White "Kozak, Antoni"]
[Black "Psyk, Radoslaw"]
[Result "1/2-1/2"]
[WhiteTitle "k"]
[BlackTitle "k++"]
[WhiteElo "2148"]
[BlackElo "2313"]

1. e4 c5 2. Nf3 e6 3. d4 cxd4 4. Nxd4 Nc6 5. Nc3 Qc7 6. g3 a6 7. Bg2 Nf6 8. Nb3
d6 9. a4 Be7 10. a5 Ne5 11. O-O Bd7 12. f4 Nc4 13. g4 h6 14. Qe2 Rc8 15. e5 dxe5
16. fxe5 Qxe5 17. Qxe5 Nxe5 18. Bxb7 Rb8 19. Bxa6 Bc6 20. h3 Rxb3 21. cxb3 Bc5+
22. Kh2 h5 23. Rxf6 hxg4 24. Rh6 gxh6 25. Bb5 g3+ 26. Kxg3 Rg8+ 27. Kf4 Ng6+ 28.
Kg4 Ne5+ 29. Kf4 Ng6+ 30. Kg4 Ne5+ 31. Kf4 Ng6+ 32. Kg4 Ne5+ 33. Kf4 Ng6+ 34.
Kg4 1/2-1/2

[Event "FINAL MISTRZOSTW POLSKI JUNIOROW 2018 - GRUPA  C16"]
[Site "Jastrzebia Gora"]
[Date "1899-12-30"]
[Round "6.5"]
[White "Kulesza, Andrzej"]
[Black "Szpar, Milosz"]
[Result "0-1"]
[WhiteTitle "I"]
[BlackTitle "FM"]
[WhiteElo "1903"]
[BlackElo "2376"]

1. e4 c5 2. Nf3 Nc6 3. d4 cxd4 4. Nxd4 g6 5. Nc3 Bg7 6. Be3 Nf6 7. Bc4 Qa5 8. O-O
d6 9. Nb3 Qd8 10. Be2 O-O 11. f4 Bd7 12. Bf3 Rc8 13. Kh1 a6 14. Nd5 Nxd5 15. exd5
Na5 16. Nxa5 Qxa5 17. c3 b5 18. Bd4 Bxd4 19. Qxd4 Rc4 20. Qe3 Re8 21. Be2 Rcc8
22. Bd3 b4 23. c4 Qc5 24. Qg3 Qd4 25. b3 e6 26. Rad1 exd5 27. Bf5 Qa7 28. Bxd7
Qxd7 29. Rxd5 Re2 30. f5 Rxa2 31. h4 Qe7 32. f6 Qe4 33. Rxd6 h5 34. Rfd1 Re8 35.
Rd8 Re2 36. Rxe8+ Qxe8 37. Kh2 Qc6 38. Qg5 Kh7 39. Kg1 Re4 40. c5 Rg4 41. Qd5
Qe8 42. Qf3 Re4 43. Qf2 Qe6 44. Rd3 Qe5 45. Rd1 Re2 46. Qd4 Re1+ 47. Kf2 Qe2+
48. Kg3 Rxd1 49. Qxb4 Qe3+ 50. Kh2 Qg1+ 51. Kg3 Rd3+ 52. Kf4 Qe3# 0-1

[Event "FINAL MISTRZOSTW POLSKI JUNIOROW 2018 - GRUPA  C16"]
[Site "Jastrzebia Gora"]
[Date "1899-12-30"]
[Round "6.6"]
[White "Polczyk, Mikolaj"]
[Black "Pniaczek, Marek"]
[Result "1-0"]
[WhiteTitle "I+"]
[BlackTitle "CM"]
[WhiteElo "2051"]
[BlackElo "2239"]

1. c4 c5 2. Nf3 Nc6 3. g3 g6 4. Bg2 Bg7 5. Nc3 e6 6. d4 Nxd4 7. Nxd4 cxd4 8. Ne4
d5 9. Qa4+ Qd7 10. Nd6+ Ke7 11. Qxd7+ Bxd7 12. Nxb7 dxc4 13. b3 Be5 14. Ba3+ Kf6
15. f4 Bc7 16. bxc4 Ne7 17. Bb2 e5 18. fxe5+ Bxe5 19. O-O Kg7 20. e3 Nf5 21. Nc5
Rad8 22. Nd3 Rhe8 23. Nxe5 Rxe5 24. Bxd4 Nxd4 25. exd4 Re2 26. Rf2 Rxf2 27. Kxf2
Rb8 28. c5 Rb2+ 29. Kg1 Kf6 30. d5 Bf5 31. Rd1 Ke7 32. d6+ Kd8 33. c6 Rxa2 34.
c7+ Kc8 35. Bc6 1-0

[Event "FINAL MISTRZOSTW POLSKI JUNIOROW 2018 - GRUPA  C16"]
[Site "Jastrzebia Gora"]
[Date "1899-12-30"]
[Round "6.7"]
[White "Szczurek, Krzysztof"]
[Black "Fus, Jakub"]
[Result "0-1"]
[WhiteTitle "FM"]
[BlackTitle "I++"]
[WhiteElo "2089"]
[BlackElo "2194"]

1. Nf3 Nf6 2. c4 e6 3. g3 b6 4. Bg2 Bb7 5. O-O c5 6. Nc3 Be7 7. b3 O-O 8. Bb2 d6
9. a3 Nbd7 10. Qc2 Rc8 11. Rad1 Qc7 12. e4 a6 13. Rfe1 Qb8 14. d3 Rfe8 15. Nd2
Ne5 16. Ne2 b5 17. h3 Nfd7 18. f4 Nc6 19. Nf3 Bf6 20. Bxf6 Nxf6 21. g4 e5 22.
f5 Nd4 23. Nfxd4 exd4 24. Qd2 Qc7 25. Nf4 Qe7 26. Rf1 Nd7 27. Nh5 f6 28. h4 Bc6
29. Rf3 Ne5 30. Rg3 Kh8 31. g5 Rg8 32. Qe2 Rcf8 33. Kh2 Nd7 34. Nf4 g6 35. fxg6
fxg5 36. gxh7 Qxh7 37. Ne6 gxh4 38. Rg5 Rxg5 39. Nxg5 Qh6 40. Nh3 Ne5 41. Rf1
Rxf1 42. Qxf1 Bd7 43. Kh1 Kg7 44. Nf4 Bg4 0-1